SPEECH SCIENCE PRIMER (Record no. 17765)

MARC details
000 -LEADER
fixed length control field 00252nam a22001217a 4500
003 - CONTROL NUMBER IDENTIFIER
control field SGT
082 ## - DEWEY DECIMAL CLASSIFICATION NUMBER
Classification number 370
Item number BOR
100 ## - MAIN ENTRY--PERSONAL NAME
Personal name BORDEN, GLORIA J.
245 ## - TITLE STATEMENT
Title SPEECH SCIENCE PRIMER
260 ## - PUBLICATION, DISTRIBUTION, ETC. (IMPRINT)
Place of publication, distribution, etc BOSTEN
Name of publisher, distributor, etc ALLYN
Year of Publication 2000
300 ## - PAGE DESCRIPTION
No. of Pages 258
942 ## - ADDED ENTRY ELEMENTS (KOHA)
Source of classification or shelving scheme Dewey Decimal Classification
Koha item type Books
Holdings
Withdrawn status Lost status Source of classification or shelving scheme Damaged status Use restrictions Not for loan Collection code Home library Current library Shelving location Date acquired SGTU Full call number Accession No. (Barcode) Date last seen Bill Date Koha item type
    Dewey Decimal Classification   Restricted Access Not For Loan EDUCATION SGT Engineering Library SGT Engineering Library Reference Book 18/04/2019 SGTU 370 BOR ED4244 18/04/2019 18/04/2019 Books